000 01102cam a22002651i 4500
003 SA-RiAUC
005 20250709071039.0
008 250709s2005 ||| g 000r0 ara c
040 _aSA-JeALM
_bara
_cSA-RiAUC
_erda
082 0 4 _a001.2089927
_qSA-RiAUC
090 _a001.2089927
_bو ر ا
100 1 _aالوراكلي، حسن،
_d1941-
_eمؤلف.
245 1 0 _aوهج وأرج :
_bمراجعات في التراث الأندلسي /
_cحسن الوراكلي.
264 1 _a[مكان النشر غير محدد] :
_bدار البشائر الإسلامية،
_c2005
300 _a198 صفحة ؛
_c25 سم
336 _aنص
_btxt
_2rdacontent
_3كتاب
337 _aبدون وسيط
_bn
_2rdamedia
338 _aمجلد
_bnc
_2rdacarrier
500 _aإهداء من المؤلف حسن الوراكلي بتاريخ 1425/10/11 هـ
650 7 _aالعلوم عند العرب
_xتاريخ
_2aucsh
650 7 _aالتراث الإسلامي
_zالأندلس
_2aucsh
651 7 _aالأندلس
_xتاريخ
_2aucsh
942 _2ddc
_cBOOK
_n0
949 _aSA-JeALM
_d250709
_umohamedma123
_n1
999 _c9649
_d9649